MARC details
| 000 -CABECERA |
| campo de control de longitud fija |
03504nam a2200325 4500 |
| 003 - IDENTIFICADOR DEL NÚMERO DE CONTROL |
| campo de control |
EC-UNACH |
| 005 - FECHA Y HORA DE LA ÚLTIMA TRANSACCIÓN |
| campo de control |
20251210144722.0 |
| 006 - CÓDIGOS DE INFORMACIÓN DE LONGITUD FIJA--CARACTERÍSTICAS DEL MATERIAL ADICIONAL |
| campo de control de longitud fija |
s||||gr|||| 00| 00 |
| 008 - DATOS DE LONGITUD FIJA--INFORMACIÓN GENERAL |
| campo de control de longitud fija |
150116t9999 mx r gr 000 0 spa d |
| 020 ## - NÚMERO INTERNACIONAL ESTÁNDAR DEL LIBRO |
| Número Internacional Estándar del Libro |
978-958-8060-73-6 |
| 040 ## - FUENTE DE LA CATALOGACIÓN |
| Centro catalogador/agencia de origen |
EC-UNACH |
| Centro/agencia transcriptor |
EC-UNACH |
| 041 ## - CÓDIGO DE LENGUA |
| Código de lengua del texto/banda sonora o título independiente |
spa |
| 082 04 - NÚMERO DE LA CLASIFICACIÓN DECIMAL DEWEY |
| Número de edición |
23 |
| Número de clasificación |
628.44.64 |
| Número de documento/Ítem |
L018426 |
| 110 ## - ENTRADA PRINCIPAL--NOMBRE DE ENTIDAD CORPORATIVA |
| Nombre de entidad corporativa o nombre de jurisdicción como elemento de entrada |
Editorial Escuela colombiana de Ingenieria |
| 245 ## - MENCIÓN DE TÍTULO |
| Título |
Diseño y operación de rellenos sanitarios |
| 250 ## - MENCIÓN DE EDICIÓN |
| Mención de edición |
Tercera edición |
| 264 ## - Producción, publicación, distribución, fabricación y copyright |
| Lugar de producción, publicación, distribución, fabricación |
Colombia |
| Nombre del de productor, editor, distribuidor, fabricante |
Editorial Escuela colombiana de Ingeniería |
| Fecha de de producción, publicación, distribución, fabricación o copyright |
2008 |
| 300 ## - DESCRIPCIÓN FÍSICA |
| Extensión |
240 |
| 505 ## - NOTA DE CONTENIDO CON FORMATO |
| Nota de contenido con formato |
CONTENIDO:<br/><br/>Introducción<br/><br/>Información básica<br/><br/>2.1 Población que se atenderá en el relleno sanitario<br/>2.2 Datos generales sobre las características de la población que se atenderá en el relleno sanitario<br/>2.3 Cantidad de basura producida por la población atendida<br/>2.4 Producción futura<br/>2.5 Calidad de basura recolectada<br/>2.6 Cobertura del servicio<br/>2.7 Composición física de la basura<br/>2.8 Composición química de la basura<br/>2.9 Peso específico<br/>2.10 Producción de lixiviados y gases<br/>2.11 Localización generas del sitio<br/>2.12 Geología de la zona<br/>2.13 Topografía de área<br/>2.14 Meteorología de la región<br/>2.15 Posibilidad de material de cobertura<br/>2.16 Censo vehicular (viajes de basura que entrarán al relleno sanitario)<br/>2.17 Título de propiedad del terreno<br/>2.18 Posible aceptación o rechazo de la comunidad vecina<br/>Bibliografía<br/><br/>Localización del sitio para un relleno sanitario<br/><br/>3.1 Introducción<br/>3.2 Condiciones del sitio para relleno sanitario<br/>3.3 Ubicación del sitio<br/>3.4 Orden de elegibilidad<br/><br/>Diseño<br/><br/>4.1 Definición de relleno sanitario<br/>4.2 Tipos de relleno sanitario<br/>4.3 Descripción general de un relleno sanitario<br/>4.4 Diseño<br/>4.5 Obras de adecuación<br/>4.6 Sistema vial<br/>4.7 Manejo de lixiviados<br/>4.8 Manejo de gases<br/>4.9 Material de cobertura<br/>4.10 Celda diaria<br/>4.11 Diseño asistido por computador<br/>Operación<br/><br/>5.1 Vigilancia<br/>5.2 Registro<br/>5.3 Playa de descargue<br/>5.4 Controles<br/>5.5 Seguimiento o monitoreo<br/>5.6 Recursos humanos<br/>5.7 Maquinaria<br/>5.8 Reglamento<br/>5.9 Uso futuro<br/>5.10 Operación asistida por computador<br/><br/>Producción y manejo de gases y lixiviados<br/><br/>6.1 Cantidades de gases y lixiviados de descomposición<br/>6.2 Dinámica de la generación de los gases y lixiviados de descomposición<br/>6.3 Lixiviados por percolación<br/>6.4 Cálculo de cantidades de gases y lixiviados<br/>6.5 Corenostós<br/>6.6 Manejo de los gases en el relleno sanitario<br/>6.7 Manejo de los lixiviados en un relleno sanitario<br/>6.8 Tratamiento de los lixiviados en un relleno sanitario<br/><br/>Análisis de costos<br/><br/>7.1 Generalidades<br/>7.2 Análisis de costos<br/>7.3 Ejemplos de costos<br/>7.4 Normas colombianas<br/><br/>Saneamiento de los botaderos de basura<br/><br/>8.1 Introducción<br/>8.2 Información básica<br/>8.3 Control de incendios<br/>8.4 Diseño<br/>8.5 Recursos humanos y equipos<br/>8.6 Costos<br/><br/>Indicadores de gestión<br/><br/>9.1 Indicadores técnicos<br/>9.2 Indicadores ambientales<br/>9.3 Indicadores administrativos<br/>9.4 Indicadores económicos.<br/>9.5 Indicadores sociales<br/><br/>Bibliografía<br/><br/>Índices<br/>Índice de recuadros<br/>Índices de figuras<br/>Índices analíticos |
| 650 ## - PUNTO DE ACCESO ADICIONAL DE MATERIA--TÉRMINO DE MATERIA |
| Término de materia o nombre geográfico como elemento inicial |
RELLENO SANITARIO |
| 650 ## - PUNTO DE ACCESO ADICIONAL DE MATERIA--TÉRMINO DE MATERIA |
| Término de materia o nombre geográfico como elemento inicial |
PESO ESPECIFICO |
| 650 ## - PUNTO DE ACCESO ADICIONAL DE MATERIA--TÉRMINO DE MATERIA |
| Término de materia o nombre geográfico como elemento inicial |
TIPOGRAFÍA DEL AREA |
| 700 ## - PUNTO DE ACCESO ADICIONAL--NOMBRE DE PERSONA |
| Nombre de persona |
Héctor Collazos Peñaloza |
| 942 ## - ELEMENTOS DE PUNTO DE ACCESO ADICIONAL (KOHA) |
| Fuente del sistema de clasificación o colocación |
Clasificación Decimal Dewey |
| Tipo de ítem Koha |
Libros |
| 999 ## - NÚMEROS DE CONTROL DE SISTEMA (KOHA) |
| Koha biblionumber |
14264 |